<?xml version="1.0" encoding="UTF-8"?>
<collection xmlns="http://www.loc.gov/MARC21/slim">
<record>
  <controlfield tag="001">357447</controlfield>
  <controlfield tag="005">20250227110744.0</controlfield>
  <datafield tag="024" ind1="7" ind2=" ">
    <subfield code="a">10.18429/JACOW-IPAC2024-WEBD3</subfield>
    <subfield code="2">doi</subfield>
  </datafield>
  <datafield tag="024" ind1="7" ind2=" ">
    <subfield code="a">10.15120/GSI-2025-00404</subfield>
    <subfield code="2">datacite_doi</subfield>
  </datafield>
  <datafield tag="037" ind1=" " ind2=" ">
    <subfield code="a">GSI-2025-00404</subfield>
  </datafield>
  <datafield tag="041" ind1=" " ind2=" ">
    <subfield code="a">English</subfield>
  </datafield>
  <datafield tag="100" ind1="1" ind2=" ">
    <subfield code="a">Spiller, Peter</subfield>
    <subfield code="0">P:(DE-Ds200)OR1222</subfield>
    <subfield code="b">0</subfield>
    <subfield code="e">Corresponding author</subfield>
  </datafield>
  <datafield tag="111" ind1="2" ind2=" ">
    <subfield code="a">15th International Particle Accelerator Conference</subfield>
    <subfield code="g">IPAC2024</subfield>
    <subfield code="c">Nashville</subfield>
    <subfield code="d">2024-05-19 - 2024-05-24</subfield>
    <subfield code="w">USA</subfield>
  </datafield>
  <datafield tag="245" ind1=" " ind2=" ">
    <subfield code="a">Technologies and concepts for the next generation of heavy ion synchrotrons</subfield>
  </datafield>
  <datafield tag="260" ind1=" " ind2=" ">
    <subfield code="c">2024</subfield>
    <subfield code="b">JACoW Publishing</subfield>
  </datafield>
  <datafield tag="300" ind1=" " ind2=" ">
    <subfield code="a">1919-1922 pages</subfield>
  </datafield>
  <datafield tag="336" ind1="7" ind2=" ">
    <subfield code="a">CONFERENCE_PAPER</subfield>
    <subfield code="2">ORCID</subfield>
  </datafield>
  <datafield tag="336" ind1="7" ind2=" ">
    <subfield code="a">Conference Paper</subfield>
    <subfield code="0">33</subfield>
    <subfield code="2">EndNote</subfield>
  </datafield>
  <datafield tag="336" ind1="7" ind2=" ">
    <subfield code="a">INPROCEEDINGS</subfield>
    <subfield code="2">BibTeX</subfield>
  </datafield>
  <datafield tag="336" ind1="7" ind2=" ">
    <subfield code="a">conferenceObject</subfield>
    <subfield code="2">DRIVER</subfield>
  </datafield>
  <datafield tag="336" ind1="7" ind2=" ">
    <subfield code="a">Output Types/Conference Paper</subfield>
    <subfield code="2">DataCite</subfield>
  </datafield>
  <datafield tag="336" ind1="7" ind2=" ">
    <subfield code="a">Contribution to a conference proceedings</subfield>
    <subfield code="b">contrib</subfield>
    <subfield code="m">contrib</subfield>
    <subfield code="0">PUB:(DE-HGF)8</subfield>
    <subfield code="s">1738930061_2666447</subfield>
    <subfield code="2">PUB:(DE-HGF)</subfield>
  </datafield>
  <datafield tag="500" ind1=" " ind2=" ">
    <subfield code="a">Published by JACoW Publishing under the terms of the Creative Commons Attribution 4.0 license.</subfield>
  </datafield>
  <datafield tag="520" ind1=" " ind2=" ">
    <subfield code="a">New technical approaches are under investigation to further push the intensity frontier of the next generation heavy ion synchrotrons. Residual gas dynamics and corresponding charge exchange processes are key issues which need to be overcome by means of advanced UHV system technologies, but also by a focused design of the synchrotron as a whole. Cryogenics and superconductivity enable high field operation but in synergy also enable technologies for stabilizing the dynamic vacuum. Beam loss usually implicated as driver for activation and damages is as well an important initiator for residual gas pressure dynamics. Advanced superconducting cables promise lower energy consumption, fast ramping and higher average beam intensities. The cryo-pumping properties of specially developed cryogenic inserts, can also be used to upgrade existing synchrotrons and enable operation with lower charge states and higher intensities. The advancement of laser technologies may be applied as new devices in heavy ion synchrotrons for advanced manipulations, e.g. non-liouville injection or laser cooling. With FAIR, GSI has expanded its competence for the design of novel high intensity heavy ion synchrotrons.</subfield>
  </datafield>
  <datafield tag="536" ind1=" " ind2=" ">
    <subfield code="a">621 - Accelerator Research and Development (POF4-621)</subfield>
    <subfield code="0">G:(DE-HGF)POF4-621</subfield>
    <subfield code="c">POF4-621</subfield>
    <subfield code="f">POF IV</subfield>
    <subfield code="x">0</subfield>
  </datafield>
  <datafield tag="536" ind1=" " ind2=" ">
    <subfield code="a">6G12 - FAIR (GSI) (POF4-6G12)</subfield>
    <subfield code="0">G:(DE-HGF)POF4-6G12</subfield>
    <subfield code="c">POF4-6G12</subfield>
    <subfield code="f">POF IV</subfield>
    <subfield code="x">1</subfield>
  </datafield>
  <datafield tag="588" ind1=" " ind2=" ">
    <subfield code="a">Dataset connected to DataCite</subfield>
  </datafield>
  <datafield tag="650" ind1=" " ind2="7">
    <subfield code="a">Accelerator Physics</subfield>
    <subfield code="2">Other</subfield>
  </datafield>
  <datafield tag="650" ind1=" " ind2="7">
    <subfield code="a">mc1-colliders-and-other-particle-and-nuclear-and-physics-accelerators - MC1: Colliders and other Particle and Nuclear and Physics Accelerators</subfield>
    <subfield code="2">Other</subfield>
  </datafield>
  <datafield tag="650" ind1=" " ind2="7">
    <subfield code="a">MC1.A16 - MC1.A16 Advanced Concepts</subfield>
    <subfield code="2">Other</subfield>
  </datafield>
  <datafield tag="693" ind1=" " ind2=" ">
    <subfield code="a">Facility_outside_beam_time_program</subfield>
    <subfield code="e">Experiment at GSI without experiment proposal number ( - ; Facility_outside_beam_time_program )</subfield>
    <subfield code="1">EXP:(DE-Ds200)Facility_outside_beam_time_program-20200803</subfield>
    <subfield code="0">EXP:(DE-Ds200)Experiment_without_proposal_number-20200803</subfield>
    <subfield code="5">EXP:(DE-Ds200)Experiment_without_proposal_number-20200803</subfield>
    <subfield code="x">0</subfield>
  </datafield>
  <datafield tag="700" ind1="1" ind2=" ">
    <subfield code="a">Roux, Christian</subfield>
    <subfield code="0">P:(DE-Ds200)OR6939</subfield>
    <subfield code="b">1</subfield>
  </datafield>
  <datafield tag="700" ind1="1" ind2=" ">
    <subfield code="a">Winters, Danyal</subfield>
    <subfield code="0">P:(DE-Ds200)OR1685</subfield>
    <subfield code="b">2</subfield>
  </datafield>
  <datafield tag="700" ind1="1" ind2=" ">
    <subfield code="a">Ondreka, David</subfield>
    <subfield code="0">P:(DE-Ds200)OR0900</subfield>
    <subfield code="b">3</subfield>
  </datafield>
  <datafield tag="700" ind1="1" ind2=" ">
    <subfield code="a">Schulte-Urlichs, Kathrin</subfield>
    <subfield code="0">P:(DE-Ds200)OR8778</subfield>
    <subfield code="b">4</subfield>
  </datafield>
  <datafield tag="700" ind1="1" ind2=" ">
    <subfield code="a">Sugita, Kei</subfield>
    <subfield code="0">P:(DE-Ds200)OR1779</subfield>
    <subfield code="b">5</subfield>
  </datafield>
  <datafield tag="700" ind1="1" ind2=" ">
    <subfield code="a">Bozyk, Lars</subfield>
    <subfield code="0">P:(DE-Ds200)OR2146</subfield>
    <subfield code="b">6</subfield>
  </datafield>
  <datafield tag="700" ind1="1" ind2=" ">
    <subfield code="a">Klammes, Sebastian</subfield>
    <subfield code="0">P:(DE-Ds200)OR8622</subfield>
    <subfield code="b">7</subfield>
  </datafield>
  <datafield tag="700" ind1="1" ind2=" ">
    <subfield code="a">Wilfert, Stefan</subfield>
    <subfield code="0">P:(DE-Ds200)OR1630</subfield>
    <subfield code="b">8</subfield>
  </datafield>
  <datafield tag="700" ind1="1" ind2=" ">
    <subfield code="a">Winkler, Tiemo</subfield>
    <subfield code="0">P:(DE-Ds200)OR9544</subfield>
    <subfield code="b">9</subfield>
  </datafield>
  <datafield tag="700" ind1="1" ind2=" ">
    <subfield code="a">Pilat, Fulvia</subfield>
    <subfield code="b">10</subfield>
    <subfield code="e">Editor</subfield>
  </datafield>
  <datafield tag="700" ind1="1" ind2=" ">
    <subfield code="a">Fischer, Wolfram</subfield>
    <subfield code="b">11</subfield>
    <subfield code="e">Editor</subfield>
  </datafield>
  <datafield tag="700" ind1="1" ind2=" ">
    <subfield code="a">Saethre, Robert</subfield>
    <subfield code="b">12</subfield>
    <subfield code="e">Editor</subfield>
  </datafield>
  <datafield tag="700" ind1="1" ind2=" ">
    <subfield code="a">Anisimov, Petr</subfield>
    <subfield code="b">13</subfield>
    <subfield code="e">Editor</subfield>
  </datafield>
  <datafield tag="700" ind1="1" ind2=" ">
    <subfield code="a">Andrian, Ivan</subfield>
    <subfield code="b">14</subfield>
    <subfield code="e">Editor</subfield>
  </datafield>
  <datafield tag="773" ind1=" " ind2=" ">
    <subfield code="a">10.18429/JACOW-IPAC2024-WEBD3</subfield>
  </datafield>
  <datafield tag="856" ind1="4" ind2=" ">
    <subfield code="y">OpenAccess</subfield>
    <subfield code="u">http://repository.gsi.de/record/357447/files/WEBD3.pdf</subfield>
  </datafield>
  <datafield tag="856" ind1="4" ind2=" ">
    <subfield code="y">OpenAccess</subfield>
    <subfield code="x">pdfa</subfield>
    <subfield code="u">http://repository.gsi.de/record/357447/files/WEBD3.pdf?subformat=pdfa</subfield>
  </datafield>
  <datafield tag="909" ind1="C" ind2="O">
    <subfield code="o">oai:repository.gsi.de:357447</subfield>
    <subfield code="p">openaire</subfield>
    <subfield code="p">open_access</subfield>
    <subfield code="p">VDB</subfield>
    <subfield code="p">driver</subfield>
    <subfield code="p">dnbdelivery</subfield>
  </datafield>
  <datafield tag="910" ind1="1" ind2=" ">
    <subfield code="a">GSI Helmholtzzentrum für Schwerionenforschung GmbH</subfield>
    <subfield code="0">I:(DE-Ds200)20121206GSI</subfield>
    <subfield code="k">GSI</subfield>
    <subfield code="b">0</subfield>
    <subfield code="6">P:(DE-Ds200)OR1222</subfield>
  </datafield>
  <datafield tag="910" ind1="1" ind2=" ">
    <subfield code="a">GSI Helmholtzzentrum für Schwerionenforschung GmbH</subfield>
    <subfield code="0">I:(DE-Ds200)20121206GSI</subfield>
    <subfield code="k">GSI</subfield>
    <subfield code="b">1</subfield>
    <subfield code="6">P:(DE-Ds200)OR6939</subfield>
  </datafield>
  <datafield tag="910" ind1="1" ind2=" ">
    <subfield code="a">GSI Helmholtzzentrum für Schwerionenforschung GmbH</subfield>
    <subfield code="0">I:(DE-Ds200)20121206GSI</subfield>
    <subfield code="k">GSI</subfield>
    <subfield code="b">2</subfield>
    <subfield code="6">P:(DE-Ds200)OR1685</subfield>
  </datafield>
  <datafield tag="910" ind1="1" ind2=" ">
    <subfield code="a">GSI Helmholtzzentrum für Schwerionenforschung GmbH</subfield>
    <subfield code="0">I:(DE-Ds200)20121206GSI</subfield>
    <subfield code="k">GSI</subfield>
    <subfield code="b">3</subfield>
    <subfield code="6">P:(DE-Ds200)OR0900</subfield>
  </datafield>
  <datafield tag="910" ind1="1" ind2=" ">
    <subfield code="a">GSI Helmholtzzentrum für Schwerionenforschung GmbH</subfield>
    <subfield code="0">I:(DE-Ds200)20121206GSI</subfield>
    <subfield code="k">GSI</subfield>
    <subfield code="b">4</subfield>
    <subfield code="6">P:(DE-Ds200)OR8778</subfield>
  </datafield>
  <datafield tag="910" ind1="1" ind2=" ">
    <subfield code="a">GSI Helmholtzzentrum für Schwerionenforschung GmbH</subfield>
    <subfield code="0">I:(DE-Ds200)20121206GSI</subfield>
    <subfield code="k">GSI</subfield>
    <subfield code="b">5</subfield>
    <subfield code="6">P:(DE-Ds200)OR1779</subfield>
  </datafield>
  <datafield tag="910" ind1="1" ind2=" ">
    <subfield code="a">GSI Helmholtzzentrum für Schwerionenforschung GmbH</subfield>
    <subfield code="0">I:(DE-Ds200)20121206GSI</subfield>
    <subfield code="k">GSI</subfield>
    <subfield code="b">6</subfield>
    <subfield code="6">P:(DE-Ds200)OR2146</subfield>
  </datafield>
  <datafield tag="910" ind1="1" ind2=" ">
    <subfield code="a">GSI Helmholtzzentrum für Schwerionenforschung GmbH</subfield>
    <subfield code="0">I:(DE-Ds200)20121206GSI</subfield>
    <subfield code="k">GSI</subfield>
    <subfield code="b">7</subfield>
    <subfield code="6">P:(DE-Ds200)OR8622</subfield>
  </datafield>
  <datafield tag="910" ind1="1" ind2=" ">
    <subfield code="a">GSI Helmholtzzentrum für Schwerionenforschung GmbH</subfield>
    <subfield code="0">I:(DE-Ds200)20121206GSI</subfield>
    <subfield code="k">GSI</subfield>
    <subfield code="b">8</subfield>
    <subfield code="6">P:(DE-Ds200)OR1630</subfield>
  </datafield>
  <datafield tag="910" ind1="1" ind2=" ">
    <subfield code="a">GSI Helmholtzzentrum für Schwerionenforschung GmbH</subfield>
    <subfield code="0">I:(DE-Ds200)20121206GSI</subfield>
    <subfield code="k">GSI</subfield>
    <subfield code="b">9</subfield>
    <subfield code="6">P:(DE-Ds200)OR9544</subfield>
  </datafield>
  <datafield tag="913" ind1="1" ind2=" ">
    <subfield code="a">DE-HGF</subfield>
    <subfield code="b">Forschungsbereich Materie</subfield>
    <subfield code="l">Materie und Technologie</subfield>
    <subfield code="1">G:(DE-HGF)POF4-620</subfield>
    <subfield code="0">G:(DE-HGF)POF4-621</subfield>
    <subfield code="3">G:(DE-HGF)POF4</subfield>
    <subfield code="2">G:(DE-HGF)POF4-600</subfield>
    <subfield code="4">G:(DE-HGF)POF</subfield>
    <subfield code="v">Accelerator Research and Development</subfield>
    <subfield code="x">0</subfield>
  </datafield>
  <datafield tag="913" ind1="1" ind2=" ">
    <subfield code="a">DE-HGF</subfield>
    <subfield code="b">Forschungsbereich Materie</subfield>
    <subfield code="l">Großgeräte: Materie</subfield>
    <subfield code="1">G:(DE-HGF)POF4-6G0</subfield>
    <subfield code="0">G:(DE-HGF)POF4-6G12</subfield>
    <subfield code="3">G:(DE-HGF)POF4</subfield>
    <subfield code="2">G:(DE-HGF)POF4-600</subfield>
    <subfield code="4">G:(DE-HGF)POF</subfield>
    <subfield code="v">FAIR (GSI)</subfield>
    <subfield code="x">1</subfield>
  </datafield>
  <datafield tag="914" ind1="1" ind2=" ">
    <subfield code="y">2024</subfield>
  </datafield>
  <datafield tag="915" ind1=" " ind2=" ">
    <subfield code="a">OpenAccess</subfield>
    <subfield code="0">StatID:(DE-HGF)0510</subfield>
    <subfield code="2">StatID</subfield>
  </datafield>
  <datafield tag="915" ind1=" " ind2=" ">
    <subfield code="a">Creative Commons Attribution CC BY 4.0</subfield>
    <subfield code="0">LIC:(DE-HGF)CCBY4</subfield>
    <subfield code="2">HGFVOC</subfield>
  </datafield>
  <datafield tag="920" ind1=" " ind2=" ">
    <subfield code="l">yes</subfield>
  </datafield>
  <datafield tag="920" ind1="1" ind2=" ">
    <subfield code="0">I:(DE-Ds200)SYS-20121002OR231</subfield>
    <subfield code="k">SYS</subfield>
    <subfield code="l">System Design SIS 100 / SIS 18</subfield>
    <subfield code="x">0</subfield>
  </datafield>
  <datafield tag="920" ind1="1" ind2=" ">
    <subfield code="0">I:(DE-Ds200)SCM-20110830OR134</subfield>
    <subfield code="k">SCM</subfield>
    <subfield code="l">SC Magnets &amp; Testing</subfield>
    <subfield code="x">1</subfield>
  </datafield>
  <datafield tag="920" ind1="1" ind2=" ">
    <subfield code="0">I:(DE-Ds200)VAC-20121002OR253</subfield>
    <subfield code="k">VAC</subfield>
    <subfield code="l">Vacuum Systems</subfield>
    <subfield code="x">2</subfield>
  </datafield>
  <datafield tag="980" ind1=" " ind2=" ">
    <subfield code="a">contrib</subfield>
  </datafield>
  <datafield tag="980" ind1=" " ind2=" ">
    <subfield code="a">VDB</subfield>
  </datafield>
  <datafield tag="980" ind1=" " ind2=" ">
    <subfield code="a">UNRESTRICTED</subfield>
  </datafield>
  <datafield tag="980" ind1=" " ind2=" ">
    <subfield code="a">I:(DE-Ds200)SYS-20121002OR231</subfield>
  </datafield>
  <datafield tag="980" ind1=" " ind2=" ">
    <subfield code="a">I:(DE-Ds200)SCM-20110830OR134</subfield>
  </datafield>
  <datafield tag="980" ind1=" " ind2=" ">
    <subfield code="a">I:(DE-Ds200)VAC-20121002OR253</subfield>
  </datafield>
  <datafield tag="980" ind1="1" ind2=" ">
    <subfield code="a">FullTexts</subfield>
  </datafield>
</record>
</collection>